00797cam a2200181 i 45000010009000000050017000090080041000260200018000670820008000852450138000932640060002313000031002915040067003226500022003897000041004117000030004527760133004822207123320230808113140.0210607s2022 utuab b 001 0 eng c a978164769023600a97200aBorderlands histories :bethnographic observations and archaeological interpretations /cedited by John Carpenter and Matthew Pailes. 1aSalt Lake City :bThe University of Utah Press,c[2022] axi, 322 p:billus,c26 cm. aIncludes bibliographical references (pages 259-309) and index. 0aIndians of Mexico1 aCarpenter, Johnq(John P.),eeditor.1 aPailes, Matthew,eeditor.08iOnline version:tBorderlands histories.dSalt Lake City : The University of Utah Press, [2022]z9781647690274w(DLC) 2021023938